Rozsypanka literowa - postacie z Harrego Pottera - Statystyki

Ogólne statystyki
  • Ten quiz został rozwiązany 1 412 razy
    1 402 od ostatniego zresetowania
  • Średni wynik to 15 z 21
Statystyki odpowiedzi
Rozsypanka Odpowiedź % Poprawnych
YRARH Harry
96%
NRO Ron
95%
HCO Cho
94%
DELVORTOM Voldemort
88%
EDFR Fred
86%
MNEOIRHE Hermione
86%
EELBDORUDM Dumbledore
83%
OERGGE George
82%
OCDRA Draco
79%
NSPAE Snape
79%
ILCFH Filch
77%
GYNIN Ginny
77%
LTXRBELIA Bellatrix
75%
IURISS Sirius
69%
DWEHGI Hedwig
67%
RVINMEA Minerva
57%
CERYP Percy
54%
ELVLINE Neville
52%
WPŁAKZRYO Krzywołap
34%
GENILANA Angelina
16%
GPIDIWOENG Pigwidgeon
8%
Nie znaleziono quizów pasujących do podanych kryteriów
Rozkład punktacji
Procent ludzi z każdym wynikiem
Percentyl według liczby udzielonych odpowiedzi
Twoja historia wyników
Nie rozwiązałeś tego quizu od ostatniego zresetowania